|
|
|
|
| LEADER |
01186ncm a22002892a 4500 |
| 001 |
001382574 |
| 003 |
CZ BrMZK |
| 005 |
20151202154716.0 |
| 007 |
qu |
| 008 |
130214s1942 xr |||||||||||||||||cze d |
| 040 |
|
|
|a BOA001
|b cze
|
| 072 |
|
7 |
|a 785
|x Instrumentální hudba. Symfonická hudba. Hudba pro více nástrojů
|2 Konspekt
|9 9
|
| 100 |
1 |
|
|a Pokorný, Václav,
|d 1918-2011
|7 ola2002108019
|4 cmp
|4 arr
|
| 245 |
1 |
0 |
|a Chtěl bych větrem být
|h [hudebnina] :
|b foxtrot /
|c hudba a arrang.: Václav Pokorný ; slova: Josef Gruss. Mravenec : foxtrot / hudba: Eman Fiala ; slova: Jaroslav Moravec
|
| 260 |
|
|
|a Praha :
|b R.A. Dvorský,
|c c1942
|
| 300 |
|
|
|a 11 hlasů
|
| 500 |
|
|
|a Na obálce označení: 308-309
|
| 500 |
|
|
|a Universální orchestr
|
| 500 |
|
|
|a Party houslí a klavíru podloženy textem
|
| 700 |
1 |
|
|a Gruss, Josef,
|d 1908-1971
|7 jk01032799
|4 lyr
|
| 700 |
1 |
|
|a Fiala, Eman,
|d 1899-1970
|7 jk01030966
|4 cmp
|
| 700 |
1 |
|
|a Moravec, Jaroslav,
|d 1917-1954
|7 jk01082058
|4 lyr
|
| 740 |
0 |
2 |
|a Mravenec
|
| 910 |
|
|
|a BOA001
|b Mus4-0161.716,308-309
|
| 990 |
|
|
|a MU
|
| 991 |
|
|
|b 201302
|
| 996 |
6 |
|
|b 2619689484
|c Mus4-0161.716,308-309
|l MZK
|r Sklad / do 1 hodiny
|n 0
|w 001417670
|u 000010
|a 1
|e BOA001
|j MZK50
|s P
|